[Event "Regionalliga SO 1314"]
[Site "Bayern"]
[Date "2013.11.24"]
[Round "3.5"]
[White "Fuchsgruber, Helmut"]
[Black "Bauer, Bernd"]
[Result "0-1"]
[WhiteElo "1766"]
[BlackElo "1971"]
[PlyCount "70"]
[EventDate "2013.10.13"]
[EventType "team-tourn"]
[EventRounds "9"]
[EventCountry "GER"]
[SourceTitle "EXT 2015"]
[Source "ChessBase"]
[SourceDate "2014.11.20"]
[SourceVersion "1"]
[SourceVersionDate "2014.11.20"]
[SourceQuality "1"]
[WhiteTeam "Landau Dingolfing"]
[BlackTeam "Deggendorf"]
[WhiteTeamCountry "GER"]
[BlackTeamCountry "GER"]

1. d4 d5 2. Nf3 Nf6 3. e3 c5 4. c3 Nc6 5. Bd3 g6 6. Nbd2 Bg7 7. 0-0 0-0 8. Qe2 b6 9. dxc5 bxc5 10. e4 d4 11. cxd4 Nxd4 12. Nxd4 Qxd4 13. Nb3 Qe5 14. f4 Qc7 15. f5 Bb7 16. Bf4 Qb6 17. Be3 Bxe4 18. Bxc5 Bxd3 19. Qxd3 Qb7 20. fxg6 hxg6 21. Rad1 Rac8 22. Rfe1 Rfe8 23. Qe3 Rc7 24. Re2 Qa6 25. Ba3 Ng4 26. Qd3 Qb6+ 27. Kh1 Nf2+ 28. Rxf2 Qxf2 29. Rf1 Qb6 30. Qd5 e6 31. Qf3 Qb7 32. Qf2 Rec8 33. Nc5 Qb5 34. b4 a5 35. Ne4 Qd3 0-1

[Event "Regionalliga SO 1314"]
[Site "Bayern"]
[Date "2013.11.10"]
[Round "2.4"]
[White "Fuchsgruber, Helmut"]
[Black "Hofmann, Juergen2222"]
[Result "0-1"]
[WhiteElo "1766"]
[BlackElo "2147"]
[PlyCount "64"]
[EventDate "2013.10.13"]
[EventType "team-tourn"]
[EventRounds "9"]
[EventCountry "GER"]
[SourceTitle "EXT 2015"]
[Source "ChessBase"]
[SourceDate "2014.11.20"]
[SourceVersion "1"]
[SourceVersionDate "2014.11.20"]
[SourceQuality "1"]
[WhiteTeam "Landau Dingolfing"]
[BlackTeam "Graefelfing"]
[WhiteTeamCountry "GER"]
[BlackTeamCountry "GER"]

1. d4 Nf6 2. Nf3 c5 3. e3 d5 4. b3 cxd4 5. exd4 Nc6 6. Be2 Bg4 7. h3 Bh5 8. 0-0 e6 9. Bb2 Bd6 10. Ne5 Bxe2 11. Qxe2 Qb6 12. Re1 0-0 13. c3 Bxe5 14. dxe5 Nd7 15. c4 dxc4 16. Qxc4 Rac8 17. Qf4 Nb4 18. Rd1 Nc5 19. Rd6 Rc6 20. Na3 Nbd3 21. Rxc6 bxc6 22. Qd2 Ne4 23. Qxd3 Qxf2+ 24. Kh2 Qxb2 25. Nc2 Qxe5+ 26. Kg1 Qd5 27. Rd1 Rd8 28. Qxd5 cxd5 29. Nd4 Rc8 30. b4 Rc4 31. b5 Nc3 32. Rd2 Rxd4 0-1

[Event "Niederbayernliga 1213"]
[Site "Bayern"]
[Date "2013.??.??"]
[Round "7"]
[White "Gruber, Helmut2222"]
[Black "Fuchsgruber, Helmut"]
[Result "1-0"]
[WhiteElo "1782"]
[BlackElo "1766"]
[PlyCount "81"]
[EventDate "2012.10.14"]
[EventType "team-tourn"]
[EventRounds "9"]
[EventCountry "GER"]
[SourceTitle "EXT 2023"]
[Source "ChessBase"]
[SourceDate "2022.10.05"]
[SourceVersion "1"]
[SourceVersionDate "2022.10.05"]
[SourceQuality "1"]
[WhiteTeam "Regen/Viechtach"]
[BlackTeam "Landau Dingolfing"]
[WhiteTeamCountry "GER"]
[BlackTeamCountry "GER"]

1. d4 Nf6 2. Nf3 d5 3. Bg5 e6 4. Nbd2 Be7 5. e3 0-0 6. Bd3 Nbd7 7. 0-0 b6 8. Ne5 Nxe5 9. dxe5 Nd7 10. Bxe7 Qxe7 11. f4 Bb7 12. Nf3 f5 13. exf6 gxf6 14. Qe2 Nc5 15. g4 a5 16. Rf2 Kh8 17. h4 Rg8 18. g5 e5 19. Bf5 Ne4 20. Rg2 Nd6 21. Bh3 e4 22. Nd4 c5 23. Nf5 Nxf5 24. Bxf5 d4 25. Rg3 Qf7 26. Qg4 Bd5 27. exd4 cxd4 28. Rd1 fxg5 29. fxg5 Raf8 30. Rf1 Be6 31. Qxe4 Bxf5 32. Qxd4+ Qg7 33. Qxb6 Bxc2 34. Rc1 Be4 35. Rc7 Qe5 36. Re3 Rf4 37. Rxh7+ Bxh7 38. Rxe5 Rgf8 39. h5 Bd3 40. Qh6+ Kg8 41. g6 1-0

[Event "Niederbayernliga 1213"]
[Site "Bayern"]
[Date "2012.??.??"]
[Round "3"]
[White "Fuchsgruber, Helmut"]
[Black "Neulinger Jagode, Rupert"]
[Result "0-1"]
[WhiteElo "1766"]
[BlackElo "1815"]
[PlyCount "100"]
[EventDate "2012.10.14"]
[EventType "team-tourn"]
[EventRounds "9"]
[EventCountry "GER"]
[SourceTitle "EXT 2023"]
[Source "ChessBase"]
[SourceDate "2022.10.05"]
[SourceVersion "1"]
[SourceVersionDate "2022.10.05"]
[SourceQuality "1"]
[WhiteTeam "Landau Dingolfing"]
[BlackTeam "Aidenbach"]
[WhiteTeamCountry "GER"]
[BlackTeamCountry "GER"]

1. d4 f5 2. e4 d6 3. Nc3 g6 4. Bd3 fxe4 5. Nxe4 Bg7 6. Nf3 Nc6 7. c3 Nf6 8. Bg5 Nxe4 9. Bxe4 d5 10. Bc2 0-0 11. Qd2 Qd6 12. 0-0-0 Bg4 13. h4 Rf7 14. Rdf1 Raf8 15. Nh2 Bd7 16. h5 gxh5 17. Nf3 Bg4 18. Nh4 e5 19. f3 exd4 20. Qd3 Bh6 21. Bxh6 Qxh6+ 22. Kb1 Bf5 23. Nxf5 Rxf5 24. g4 Re5 25. cxd4 Re3 26. Qd1 Qf4 27. Rxh5 Rxf3 28. Bxh7+ Kg7 29. Rxf3 Qxf3 30. Qxf3 Rxf3 31. a3 Rf1+ 32. Ka2 Ne7 33. Bd3 Rf4 34. Rh7+ Kf6 35. Rh6+ Kf7 36. Rh7+ Ke6 37. Bf5+ Nxf5 38. gxf5+ Rxf5 39. Rxc7 Rf7 40. Rxf7 Kxf7 41. Kb3 Kf6 42. Kb4 Kf5 43. a4 Ke4 44. Kc3 a5 45. b3 b6 46. b4 Ke3 47. bxa5 bxa5 48. Kc2 Kxd4 49. Kd2 Kc4 50. Kc2 Kb4 0-1

[Event "Niederbayernliga 1213"]
[Site "Bayern"]
[Date "2012.??.??"]
[Round "4"]
[White "Fuchsgruber, Helmut"]
[Black "Stadler, Helmut1111"]
[Result "1-0"]
[WhiteElo "1766"]
[BlackElo "1773"]
[PlyCount "149"]
[EventDate "2012.10.14"]
[EventType "team-tourn"]
[EventRounds "9"]
[EventCountry "GER"]
[SourceTitle "EXT 2023"]
[Source "ChessBase"]
[SourceDate "2022.10.05"]
[SourceVersion "1"]
[SourceVersionDate "2022.10.05"]
[SourceQuality "1"]
[WhiteTeam "Landau Dingolfing"]
[BlackTeam "Grafenau"]
[WhiteTeamCountry "GER"]
[BlackTeamCountry "GER"]

1. d4 Nf6 2. Nf3 d5 3. e3 Bg4 4. c4 c6 5. Nc3 e6 6. cxd5 exd5 7. Bd3 Bd6 8. 0-0 0-0 9. Re1 Qc7 10. h3 Bh5 11. Bd2 Re8 12. Rc1 Qd7 13. e4 dxe4 14. Nxe4 Nxe4 15. Bxe4 Na6 16. Qb3 Bxf3 17. Bxf3 Rab8 18. Ba5 Nc7 19. Bg4 Ne6 20. Re4 Re7 21. Rce1 Rbe8 22. f4 b6 23. Bd2 g6 24. Bxe6 Rxe6 25. Rxe6 Rxe6 26. Rxe6 fxe6 27. Kf2 Qf7 28. Qf3 Qd7 29. Be3 Be7 30. Qe4 Kf7 31. b3 Qd6 32. g3 Bf6 33. h4 Ke7 34. h5 Kf7 35. hxg6+ hxg6 36. Qh1 Bxd4 37. Qh7+ Bg7 38. Qh1 e5 39. Qf1 e4 40. Qc4+ Qd5 41. Qa6 Qd7 42. Qc4+ Qe6 43. Qa6 Qd7 44. Qc4+ Qd5 45. Qa6 Bd4 46. Qxa7+ Ke6 47. Qa6 Kd6 48. Qc4 Qxc4 49. bxc4 Kc5 50. g4 Kxc4 51. g5 Bg7 52. Bxb6 Kd3 53. a4 Kc4 54. Ke3 Kb4 55. a5 Kb5 56. Kxe4 c5 57. Kd5 c4 58. Bd4 Bf8 59. Bc3 Bc5 60. Bd2 Ba3 61. Bc3 Bc1 62. Ke4 Ka6 63. f5 Bxg5 64. fxg6 Bh6 65. Kf5 Kb5 66. Ke6 Ka6 67. Kf7 Kb5 68. Ke6 Ka6 69. Kd6 Ka7 70. Kc5 Ka6 71. Kxc4 Ka7 72. Kd5 Ka6 73. Ke6 Kb5 74. Kf7 Ka6 75. Bd2 1-0

[Event "Niederbayernliga 0910"]
[Site "Germany"]
[Date "2010.01.24"]
[Round "5.2"]
[White "Zepke, Armin"]
[Black "Fuchsgruber, Helmut"]
[Result "1-0"]
[WhiteElo "1989"]
[BlackElo "1888"]
[PlyCount "69"]
[EventDate "2009.10.18"]
[EventType "team-tourn"]
[EventRounds "9"]
[EventCountry "GER"]
[SourceTitle "EXT 2011"]
[Source "ChessBase"]
[SourceDate "2010.11.26"]
[SourceVersion "1"]
[SourceVersionDate "2010.11.26"]
[SourceQuality "1"]
[WhiteTeam "Bayerwald"]
[BlackTeam "Landau Dingolfing"]
[WhiteTeamCountry "GER"]
[BlackTeamCountry "GER"]

1. d4 d5 2. Bf4 Nf6 3. e3 c5 4. c3 Nc6 5. Nf3 e6 6. Nbd2 Be7 7. Bd3 0-0 8. Ne5 cxd4 9. exd4 Bd7 10. 0-0 Rc8 11. Qf3 Nxe5 12. Bxe5 Ne8 13. Qh3 g6 14. g4 f6 15. Bg3 Nd6 16. Qg2 Qb6 17. Rab1 Bb5 18. Bxb5 Qxb5 19. Rfe1 Qd7 20. Re2 Nc4 21. Nxc4 Rxc4 22. Rbe1 Rc6 23. Bf4 Bd6 24. Qg3 Bxf4 25. Qxf4 Kg7 26. Re3 Re8 27. h4 h6 28. g5 hxg5 29. hxg5 f5 30. Rh3 Kg8 31. Kg2 Qg7 32. Reh1 e5 33. Qh2 exd4 34. Rh8+ Kf7 35. Rh7 1-0

[Event "Niederbayernliga 0708"]
[Site "Germany"]
[Date "2007.10.21"]
[Round "1.1"]
[White "Fuchsgruber, Helmut"]
[Black "Riemelmoser, Franz"]
[Result "1-0"]
[WhiteElo "1880"]
[BlackElo "2250"]
[PlyCount "107"]
[EventDate "2007.10.21"]
[EventType "team"]
[EventRounds "9"]
[EventCountry "GER"]
[SourceTitle "EXT 2009"]
[Source "ChessBase"]
[SourceDate "2008.11.26"]
[SourceVersion "1"]
[SourceVersionDate "2008.11.26"]
[SourceQuality "1"]
[WhiteTeam "Landau Dingolfing"]
[BlackTeam "Simbach"]
[WhiteTeamCountry "GER"]
[BlackTeamCountry "GER"]

1. e4 e6 2. d4 d5 3. e5 c5 4. c3 Ne7 5. Nf3 Nec6 6. Bd3 Nd7 7. 0-0 Be7 8. a3 a5 9. Re1 0-0 10. Nbd2 Kh8 11. Nf1 cxd4 12. cxd4 f6 13. Ng3 Qb6 14. Bb1 fxe5 15. dxe5 Bc5 16. Be3 Bxe3 17. Rxe3 g6 18. Qd2 Nc5 19. Rc3 Bd7 20. Qh6 Ne4 21. Bxe4 dxe4 22. Nxe4 Qxb2 23. Rd1 Rf7 24. Rcd3 Nxe5 25. Nxe5 Qxe5 26. Ng5 Re7 27. g3 Qc7 28. Nxh7 Rxh7 29. Qxh7+ Kxh7 30. Rxd7+ Qxd7 31. Rxd7+ Kh6 32. Rxb7 Kg5 33. Rb5+ Kf6 34. a4 Ra6 35. h4 Ra7 36. Kg2 Ra8 37. g4 Ra7 38. Kg3 Kg7 39. g5 Kg8 40. Re5 Kf7 41. Kg4 Ke7 42. h5 Kd6 43. f4 gxh5+ 44. Kxh5 Rh7+ 45. Kg4 Rh1 46. Rxa5 Rg1+ 47. Kh5 Rh1+ 48. Kg6 Rh4 49. f5 exf5 50. Kxf5 Ke7 51. Ra7+ Kf8 52. a5 Rc4 53. a6 Kg8 54. Rb7 1-0

[Event "Niederbayern-ch MK Seniors 47th"]
[Site "Aidenbach"]
[Date "2006.??.??"]
[Round "4"]
[White "Fuchsgruber, Helmut"]
[Black "Sierian, Peter"]
[Result "1/2-1/2"]
[WhiteElo "1879"]
[BlackElo "1718"]
[PlyCount "65"]
[EventDate "2006.??.??"]
[EventType "swiss"]
[EventRounds "7"]
[EventCountry "GER"]
[SourceTitle "EXT 2007"]
[Source "ChessBase"]
[SourceDate "2006.11.23"]
[SourceVersion "1"]
[SourceVersionDate "2006.11.23"]
[SourceQuality "1"]

1. e4 c5 2. d4 cxd4 3. c3 dxc3 4. Nxc3 d6 5. Bc4 Nc6 6. Nf3 g6 7. 0-0 Bg7 8. Qe2 Nf6 9. h3 0-0 10. Bf4 Na5 11. Bd3 Bd7 12. Rfd1 Rc8 13. Rac1 Nh5 14. Bd2 Nc6 15. Be3 Ne5 16. Nxe5 Bxe5 17. Qd2 Qa5 18. f4 Bxc3 19. bxc3 Ba4 20. Rf1 Bb5 21. Bxb5 Qxb5 22. Bxa7 Qa5 23. Bd4 f6 24. Rce1 Ra8 25. Rf2 e5 26. Be3 exf4 27. Bxf4 Nxf4 28. Rxf4 Qxa2 29. Qxd6 Rad8 30. Qc5 Rd2 31. Rf2 Rxf2 32. Qxf2 Qxf2+ 33. Kxf2 1/2-1/2

[Event "Niederbayern-ch MK 47th"]
[Site "Aidenbach"]
[Date "2006.??.??"]
[Round "7"]
[White "Knechtel, Roland"]
[Black "Fuchsgruber, Helmut"]
[Result "1-0"]
[WhiteElo "2155"]
[BlackElo "1899"]
[PlyCount "95"]
[EventDate "2006.04.18"]
[EventType "swiss"]
[EventRounds "9"]
[EventCountry "GER"]
[SourceTitle "EXT 2023"]
[Source "ChessBase"]
[SourceDate "2022.10.05"]
[SourceVersion "1"]
[SourceVersionDate "2022.10.05"]
[SourceQuality "1"]

1. d4 d5 2. c4 dxc4 3. e4 e5 4. d5 Nf6 5. Nc3 Bc5 6. Bxc4 0-0 7. Bg5 a6 8. Nf3 Qd6 9. Qe2 Bg4 10. h3 Bh5 11. g4 Bg6 12. Nh4 h6 13. Bd2 Nbd7 14. Nf5 Bxf5 15. gxf5 Bd4 16. Bb3 Nc5 17. Bc2 b5 18. Rg1 Kh7 19. a3 Rad8 20. Rc1 c6 21. b4 Nb7 22. dxc6 Qxc6 23. Nd5 Nxd5 24. exd5 Qxd5 25. Be4 Qd7 26. f6+ g6 27. Qf3 Nd6 28. Rc7 Nxe4 29. Rxd7 Bxf2+ 30. Ke2 Rxd7 31. Rd1 Nxd2 32. Rxd2 Rxd2+ 33. Kxd2 Bd4 34. Qb7 g5 35. Qxa6 Kg6 36. Qxb5 Kxf6 37. a4 h5 38. Qc6+ Kg7 39. a5 g4 40. hxg4 hxg4 41. Qd7 g3 42. Qg4+ Kf6 43. Qxg3 Rb8 44. Qb3 Ke7 45. b5 f5 46. Qc2 Rxb5 47. Qc7+ Kf8 48. Qd8+ 1-0

[Event "Niederbayern-ch MK 47th"]
[Site "Aidenbach"]
[Date "2006.??.??"]
[Round "3"]
[White "Schmaus, Horst"]
[Black "Fuchsgruber, Helmut"]
[Result "1-0"]
[WhiteElo "2047"]
[BlackElo "1899"]
[PlyCount "121"]
[EventDate "2006.04.18"]
[EventType "swiss"]
[EventRounds "9"]
[EventCountry "GER"]
[SourceTitle "EXT 2023"]
[Source "ChessBase"]
[SourceDate "2022.10.05"]
[SourceVersion "1"]
[SourceVersionDate "2022.10.05"]
[SourceQuality "1"]

1. e4 e6 2. d4 d5 3. e5 c5 4. c3 Nc6 5. Nf3 Qb6 6. a3 c4 7. Nbd2 f6 8. Be2 fxe5 9. Nxe5 Nxe5 10. dxe5 Bc5 11. 0-0 Ne7 12. b4 cxb3 13. Nxb3 0-0 14. Nxc5 Qxc5 15. Qd3 Bd7 16. a4 Rf7 17. Ba3 Qa5 18. Bb4 Qd8 19. Bd1 Nc6 20. Bd6 Qg5 21. Bc2 g6 22. f4 Rxf4 23. Rxf4 Qxf4 24. Rf1 Qh6 25. Bb3 Re8 26. c4 dxc4 27. Bxc4 Qg7 28. h3 Ne7 29. Rf6 Nf5 30. Ba3 h5 31. Qb3 b6 32. Bxe6+ Rxe6 33. Rxe6 Bxe6 34. Qxe6+ Qf7 35. Qc8+ Kh7 36. e6 Qf6 37. Qc7+ Kh6 38. e7 Ne3 39. Qc1 Qe5 40. Qd2 Kh7 41. Bb2 Qxe7 42. Qd4 g5 43. Qd3+ Kh6 44. Ba3 Qe8 45. Kf2 Qf7+ 46. Kxe3 Qe6+ 47. Kf2 Qa2+ 48. Kg1 Qa1+ 49. Kh2 Qe5+ 50. Qg3 Qd4 51. Qd6+ Qxd6+ 52. Bxd6 a6 53. Kg3 Kg6 54. Kf3 Kf5 55. g4+ hxg4+ 56. hxg4+ Ke6 57. Bc7 b5 58. axb5 axb5 59. Bd8 b4 60. Bxg5 b3 61. Bc1 1-0